Phoenix Suns All-Time Starting 5 - Statistics

General Stats
  • This quiz has been taken 265 times
  • The average score is 4 of 7
Answer Stats
Position Player % Correct
PG Steve Nash
95%
PF Charles Barkley
87%
C Amar'e Stoudemire
73%
SF Shawn Marion
50%
SG Kevin Johnson
42%
6th Man Jason Kidd
26%
Coach Mike D'Antoni
25%
No matching quizzes found
Score Distribution
Percent of People with Each Score
Percentile by Number Answered
Your Score History
You have not taken this quiz